00947nam a2200217 a 450000100100000000500170001000800410002702000180006804000250008610000350011124501110014626000380025730000310029550000340032650000620036050400290042270000450045195201050049695201110060199900170071200003918920240228133748.0130607s2013 dr c 000 0 spa d a9789945454420 aDO-SdBNPbspacBNPHU1 aCastro Ventura, Santiago9183710aBolívar :ben el ámbito de las antillas /cSantiago Castro Ventura ; prólogo Ángel R. Veras Aybar. aSanto Domingo :bManatí,c2013. a269 p. :bretrs. ;c24 cm. aIncluye índice onomástico aIncluye datos biográficos del autor en la contraportada aBibliografía : 253-2621 aVeras Aybar, Ángel R.,epról.965383 0010718PDaPDbPDcCTd2013-06-07iLF1l0o p39189-10r2020-06-25w2020-06-25yLFPDZNo se presta 0010718PDaPDbPDcCTd2013-06-07iLF1l0o p39189-20r2020-06-25te. 2w2020-06-25yLFPDZNo se presta c38679d38679